[Event "GCT Sinquefield Cup 2021"]
[Site "Saint Louis"]
[Date "2021.08.17"]
[Round "1.2"]
[White "Vachier-Lagrave, Maxime"]
[Black "Svidler, Peter"]
[Result "1-0"]
[WhiteElo "2751"]
[BlackElo "2714"]
[Annotator "TA"]
[PlyCount "61"]
[EventDate "2021.08.17"]
[EventType "tourn"]
[EventCountry "USA"]
[SourceTitle "playchess.com"]
[Source "ChessBase"]
[SourceQuality "1"]

{[%evp 13,61,29,23,13,34,27,22,28,35,20,29,36,34,22,22,22,23,16,27,13,13,16,25,
0,0,0,0,0,7,4,10,0,0,0,0,0,0,0,263,256,256,256,256,256,29986,29986,29988,29989,
29990,29991]} 1. d4 Nf6 2. c4 g6 3. h4 Bg7 4. Nc3 O-O 5. e4 d6 6. Be2 c5 7. d5
b5 8. cxb5 {E73: King's Indian: Averbakh Variation without 6...c5.} a6 9. a4
axb5 10. Bxb5 {The position is equal.} Ba6 11. Bd2 Bxb5 12. axb5 Nbd7 13. Nf3
Rxa1 14. Qxa1 Qb6 15. O-O {[#]} Rb8 $146 ({Predecessor:} 15... Ne8 16. Bg5 Nc7
17. Bxe7 Ra8 18. Qd1 Nxb5 19. Nxb5 Qxb5 20. Bxd6 Bxb2 21. Qc2 c4 {1/2-1/2 (41)
Maatman,N (2400)-Kokje,J (2222) Groningen 2019}) 16. Qa6 Ne8 17. Ra1 Kf8 18. h5
Nc7 19. Qa4 Ra8 20. Qd1 {And now Rxa8+ would win.} Rxa1 21. Qxa1 Ne5 22. h6
Nxf3+ 23. gxf3 Bxc3 24. Bxc3 {Strongly threatening Ba5.} Qxb5 25. b4 Ne8 $2 {
[%mdl 8192]} (25... cxb4 $11 {and Black stays safe.} 26. Bxb4 Ke8) 26. bxc5 $18
dxc5 27. Bg7+ Kg8 {[#]} 28. Qa8 $1 {[%cal Ra8d8] Qd8! is the strong threat.} c4
$2 (28... Qd7 $18 29. e5 e6) 29. Qd8 {White mates.} Qa4 30. Kg2 Qb5 {[#]} 31.
Bb2 $1 {[%mdl 576] Back Rank.  Weighted Error Value: White=0.03/Black=0.45} 1-0

[Event "GCT Sinquefield Cup 2021"]
[Site "Saint Louis"]
[Date "2021.08.17"]
[Round "1.3"]
[White "Xiong, Jeffery"]
[Black "Rapport, Richard"]
[Result "1/2-1/2"]
[WhiteElo "2710"]
[BlackElo "2763"]
[Annotator "TA"]
[PlyCount "113"]
[EventDate "2021.08.17"]
[EventType "tourn"]
[EventCountry "USA"]
[SourceTitle "playchess.com"]
[Source "ChessBase"]
[SourceQuality "1"]

{[%evp 12,113,42,37,44,43,34,33,46,12,13,11,1,18,15,0,0,0,0,0,0,0,0,0,0,0,0,0,
20,7,7,7,7,7,10,9,18,18,22,8,8,8,8,8,8,8,8,8,8,8,8,8,12,0,8,8,12,8,8,8,14,8,8,
8,14,14,14,0,14,13,13,13,14,13,13,0,14,8,14,14,14,14,14,14,14,14,14,14,14,14,
14,14,14,14,14,14,14,0,14,0,14,0,22,0]} 1. d4 Nf6 2. c4 e6 3. Nc3 Bb4 4. Qc2 c5
5. dxc5 Qa5 6. Bd2 Qxc5 7. e3 d5 {E38: Nimzo-Indian: Classical: 4...c5.} 8. a3
Bxc3 9. Bxc3 dxc4 {White is slightly better.} 10. Bb4 Qc6 {The position is
equal.} 11. Qxc4 Qxc4 12. Bxc4 Nc6 13. Bc3 (13. Bd2 {seems wilder.} b6 14. Nf3
O-O 15. O-O Bb7 16. Rfd1) 13... Ne4 14. Rc1 Nxc3 15. Rxc3 Bd7 16. Nf3 {[#]} Rc8
$146 ({Predecessor:} 16... Ke7 17. Ke2 Rac8 18. b4 Nxb4 19. axb4 b5 20. Ra1
Rxc4 21. Rxc4 bxc4 22. Rxa7 f6 {1-0 (29) Nikolov,M (2542)-Kalajdzhiev,R (2055)
Kiten 2021}) 17. Bd3 Ke7 18. Ke2 h6 19. Rhc1 Nb8 20. Ne5 Rxc3 21. Rxc3 {
[#] And now Rc7 would win.} Rc8 22. Kd2 Rxc3 23. Kxc3 $11 {[%mdl 4096] Endgame
KBN-KBN} Bc8 24. f4 Nd7 25. Nxd7 Bxd7 {KB-KB} 26. e4 f6 27. Kd4 Kd6 28. e5+
fxe5+ 29. fxe5+ Ke7 30. Be4 b6 31. Kc4 Kd8 32. Kd4 Ke7 33. h4 Bb5 34. g3 Kd7
35. Bc2 Be2 36. Ba4+ Kc7 37. Ke3 Bh5 38. Kf4 Be2 39. g4 Kd8 40. Bc6 Ke7 41. g5
Bh5 42. b4 Bd1 43. a4 Bh5 44. Bb5 Bd1 45. a5 Bh5 46. Bf1 Be8 47. Bg2 Bh5 48.
Bc6 Bd1 49. gxh6 gxh6 50. Ke3 Bh5 51. Kd3 Kd8 52. axb6 axb6 53. Ke3 Ke7 54. Kd3
Kd8 55. Ke3 Ke7 56. Kd3 Kd8 57. Ke3 {Weighted Error Value: White=0.04/Black=0.
02} 1/2-1/2

[Event "GCT Sinquefield Cup 2021"]
[Site "Saint Louis"]
[Date "2021.08.17"]
[Round "1.4"]
[White "Caruana, Fabiano"]
[Black "Shankland, Sam"]
[Result "1-0"]
[WhiteElo "2806"]
[BlackElo "2709"]
[Annotator "TA"]
[PlyCount "75"]
[EventDate "2021.08.17"]
[EventType "tourn"]
[EventCountry "USA"]
[SourceTitle "playchess.com"]
[Source "ChessBase"]
[SourceQuality "1"]

{[%evp 14,75,5,-18,35,25,25,-12,-6,-19,-23,-45,16,14,46,44,35,8,0,0,58,56,60,
54,57,64,42,61,56,54,59,59,44,58,68,70,81,76,77,75,81,77,309,312,317,308,315,
312,554,589,582,582,565,581,569,556,522,455,1002,991,963,971,935,925]} 1. d4
Nf6 2. Nf3 g6 3. Bf4 Bg7 4. e3 d6 5. h3 c5 6. Nbd2 cxd4 7. exd4 O-O 8. Be2 Qb6
{A48: 1 d4 Nf6 2 Nf3 g6: Torre, London and Colle Systems.} (8... Nc6 $11) 9.
Nc4 Qc7 {[#]} 10. Ne3 $146 ({Predecessor:} 10. O-O Bf5 11. c3 Nbd7 12. Ne3 e6
13. Nc4 Ne8 14. a4 e5 15. dxe5 dxe5 16. Bg3 {1-0 (45) Starke,R (1931)-Kamari,I
(1562) Berlin 2017}) 10... Nc6 {The position is equal.} 11. c3 e5 12. Bh2 Qe7 (
12... exd4 $1 $15 13. Nxd4 Nxd4 14. Qxd4 Ng4 $1) 13. O-O $36 {[%mdl 2048]
Black is under pressure.} e4 14. Ne1 d5 15. N1c2 Be6 16. Qe1 Nd7 (16... Rad8
$11) 17. f3 $1 $14 f5 {Threatening ...f4.} 18. fxe4 $1 fxe4 19. Bf4 Rf7 20. Qg3
Nf6 21. Rf2 Qd7 22. Raf1 Raf8 23. Qh4 Ne8 24. Ng4 Nd6 25. Nce3 Ne7 26. Ne5 Bxe5
27. Bxe5 Ndf5 $2 {[#] This costs Black the game.} (27... Rxf2 $16 28. Rxf2 Rxf2
29. Kxf2 (29. Qxf2 Nc6 $14) 29... Nc6) 28. Ng4 $1 $18 {Rxf5! is the strong
threat.} h5 ({Worse is} 28... Nxh4 29. Nh6#) 29. Qg5 hxg4 30. hxg4 Ng7 (30...
e3 31. Rf3 Rh7) 31. Qh6 {Threatening mate with Bxg7.White is clearly winning.}
Nef5 32. gxf5 Rxf5 33. Rxf5 Rxf5 34. Rxf5 Bxf5 35. g4 Be6 (35... Bxg4 $142 36.
Bxg7 {[%mdl 64] Overworked Piece} Qxg7 37. Qxg7+ Kxg7 38. Bxg4 Kf7) 36. Qxg6
Qf7 37. Qh6 e3 {[#]} 38. Bf3 $1 {[%mdl 512] Weighted Error Value: White=0.07/
Black=0.37} 1-0

[Event "GCT Sinquefield Cup 2021"]
[Site "Saint Louis"]
[Date "2021.08.17"]
[Round "1.5"]
[White "Swiercz, Dariusz"]
[Black "Dominguez Perez, Leinier"]
[Result "0-1"]
[WhiteElo "2655"]
[BlackElo "2758"]
[Annotator "TA"]
[PlyCount "116"]
[EventDate "2021.08.17"]
[EventType "tourn"]
[EventCountry "USA"]
[SourceTitle "playchess.com"]
[Source "ChessBase"]
[SourceQuality "1"]

{[%evp 21,116,17,22,20,13,18,18,13,13,0,17,16,26,-5,-6,-6,-6,-4,0,-9,-8,-10,-6,
-13,-8,-16,-2,-14,-14,-18,-4,-64,-12,-13,0,-52,-8,-10,-8,-12,-6,-7,-7,-7,-16,
-27,-38,-97,-17,-18,-18,-18,-5,-162,-156,-164,-140,-463,-458,-456,-444,-428,
-431,-425,-424,-368,-241,-282,-241,-241,-142,-153,-150,-145,0,-166,-168,-241,
-240,-303,-303,-322,-322,-558,-521,-581,-560,-998,-967,-700,-674,-1256,-1117,
-1129,-1127,-1045,-699]} 1. e4 e5 2. Nf3 Nf6 3. Nxe5 d6 4. Nf3 Nxe4 5. d4 d5 6.
Bd3 Bd6 7. O-O O-O 8. c4 c6 9. Nc3 Nxc3 10. bxc3 dxc4 11. Bxc4 Bf5 12. Re1 {
C42: Petroff Defence: 3 Nxe5 and unusual White 3rd moves.} Nd7 13. Bg5 Qa5 14.
Nh4 {Threatens to win with Be7.The position is equal.} Rae8 15. Nxf5 {[#]}
Rxe1+ $146 ({Predecessor:} 15... Qxf5 16. Be3 Nf6 17. Bd3 Qd7 18. Qf3 Qg4 19.
Qxg4 Nxg4 20. g3 Nxe3 21. Rxe3 c5 {1/2-1/2 (43) Nakamura,H (2736)-Aronian,L 
(2773) chess24.com INT 2020}) 16. Qxe1 Qxf5 17. Bh4 (17. Qd2 {keeps more
tension.} h6 18. Be3 Re8 19. Bd3 Qe6 20. Qc2) 17... Qh5 18. Bg3 Bxg3 19. hxg3
Nf6 20. Be2 Qa5 21. Bf3 Re8 22. Qd2 h5 23. Rc1 Re7 24. Qc2 g6 25. Qb2 Kg7 26.
Be2 (26. c4 $11) 26... Qg5 ({Black should play} 26... Qb6 $15 27. Qc2 c5) 27.
Bf3 $11 Qa5 28. Be2 c5 29. Bf3 cxd4 30. cxd4 Re1+ (30... Nd5 {is interesting.}
31. a3 Qb6 32. Qxb6 Nxb6 33. Rc5 Rd7) 31. Rxe1 Qxe1+ 32. Kh2 b6 33. Qc2 Qb4 34.
Qd3 (34. Qd1 $15) 34... a5 (34... Qb2 $17 35. d5 Qxa2) 35. a3 Qd6 36. Kg1 b5
37. Bd1 $2 (37. d5 $1 $11 {and White has nothing to worry.}) 37... b4 $19 38.
axb4 Qxb4 39. Bb3 $2 {[%mdl 8192]} (39. Kh2 $17) 39... a4 40. Bc4 a3 41. f3 Qb2
42. Qb3 Qxd4+ 43. Kh2 Qa7 44. Qc3 Qc7 {Hoping for ...h4.} ({Not} 44... a2 45.
Qa1 $17) 45. Qd4 {[#]} Qe7 ({Black should try} 45... Kh7 $1 $19 46. Ba2 Ng8)
46. Bb3 $17 Kh7 47. Qf4 Kg7 48. Qd4 Kg8 49. Qd3 (49. Qh4 {was worth a try.})
49... Kh7 $19 50. Qd4 Ng8 51. Ba2 {[#]} Nh6 $1 52. Bb1 $2 (52. Qc4) 52... Qe1 {
Black is clearly winning.} 53. Qb6 Qc3 54. Kg1 Qc1+ 55. Kh2 Qb2 56. Qxb2 axb2
57. Kg1 Nf5 58. Kf2 Nd4 {Weighted Error Value: White=0.44/Black=0.17} 0-1

[Event "GCT Sinquefield Cup 2021"]
[Site "Saint Louis"]
[Date "2021.08.18"]
[Round "2.1"]
[White "Dominguez Perez, Leinier"]
[Black "Caruana, Fabiano"]
[Result "1/2-1/2"]
[WhiteElo "2758"]
[BlackElo "2806"]
[Annotator "TA"]
[PlyCount "102"]
[EventDate "2021.08.17"]
[EventType "tourn"]
[EventCountry "USA"]
[SourceTitle "playchess.com"]
[Source "ChessBase"]
[SourceQuality "1"]

{[%evp 14,102,9,8,14,17,18,11,2,0,14,0,9,8,41,41,41,41,41,39,42,46,59,58,39,42,
64,59,79,48,52,58,56,48,51,61,87,89,89,99,94,31,50,20,23,24,25,22,23,24,19,20,
20,20,20,17,37,17,21,23,29,0,3,0,13,0,0,2,5,0,0,0,0,0,0,0,0,0,0,0,0,0,0,0,0,0,
0,0,0,0,0]} 1. e4 e5 2. Nf3 Nc6 3. Bc4 Nf6 4. d3 Bc5 5. c3 d6 6. O-O h6 7. Re1
O-O 8. h3 Bb6 {8...a5 is the modern continuation. C54: Giuoco Piano: 4 c3 Nf6,
main lines with 5 d4 and 5 d3.} 9. Nbd2 Ne7 10. a4 {[#] Hoping for a5.} c6 11.
d4 Ng6 12. Bf1 Re8 13. Qc2 {[#]} d5 $146 ({Predecessor:} 13... Bc7 14. dxe5
Nxe5 15. Nxe5 dxe5 16. Nc4 a5 17. Be3 Be6 18. b4 Bxc4 19. Bxc4 Bb6 {1/2-1/2 
(46) Svidler,P (2714)-So,W (2770) Paris 2021}) 14. exd5 {[%cal Rd4e5]} exd4 15.
Rxe8+ Qxe8 16. a5 Bc7 17. dxc6 dxc3 18. cxb7 Bxb7 19. Qxc3 Nd5 20. Qc5 Ngf4 21.
Nc4 {Bxf4 is the strong threat.} Ne6 22. Qa3 Rd8 23. Bd2 Ndf4 24. a6 Ba8 {[#]}
25. Ba5 $1 Bxa5 26. Nxa5 Qd7 27. Re1 ({White should play} 27. b4 $16) 27... Qd5
$14 28. Re3 Qf5 29. Nb7 Rd1 {Strongly threatening ...Nxh3+!} 30. Re1 Rxe1 31.
Nxe1 {Black must now prevent Qe3.} Qe4 32. Nf3 {Threatens to win with Qe7.}
Bxb7 33. axb7 Qxb7 34. g3 Nh5 35. Bc4 Qe4 36. Bxe6 fxe6 37. Nd2 Qd4 {The
position is equal.} 38. Nf3 Qd5 39. Nh2 a5 40. Ng4 Nf6 41. Nxf6+ gxf6 $11 {
[%mdl 4096] Endgame KQ-KQ} 42. Qe7 Qe5 43. b3 (43. Qb7 {is interesting.} Qf5
44. b3 Kf8 45. Kg2 h5 46. b4) 43... h5 44. h4 (44. Kf1 {feels hotter.} Qf5 45.
Kg1 Qe5) 44... Qe1+ 45. Kg2 Qe4+ 46. Kh2 Qf5 47. Qe8+ (47. Qa7 {seems wilder.}
Qd5 48. Qb6 Kf7 49. Qa7+ Kg6 50. Qe7) 47... Kg7 48. Qe7+ Kg6 49. Qe8+ Kg7 50.
Qe7+ Kg6 51. Qe8+ Kg7 {Weighted Error Value: White=0.05/Black=0.04} 1/2-1/2

[Event "GCT Sinquefield Cup 2021"]
[Site "Saint Louis"]
[Date "2021.08.18"]
[Round "2.2"]
[White "Shankland, Sam"]
[Black "Xiong, Jeffery"]
[Result "1/2-1/2"]
[WhiteElo "2709"]
[BlackElo "2710"]
[Annotator "TA"]
[PlyCount "126"]
[EventDate "2021.08.17"]
[EventType "tourn"]
[EventCountry "USA"]
[SourceTitle "playchess.com"]
[Source "ChessBase"]
[SourceQuality "1"]

{[%evp 16,126,38,32,37,30,54,49,51,42,91,81,100,40,43,45,63,51,83,75,99,76,77,
23,39,16,48,56,76,18,14,0,0,0,0,0,0,0,0,0,0,0,50,61,69,73,68,28,20,18,18,18,32,
32,26,25,25,31,34,34,34,31,86,0,0,0,0,0,12,0,0,0,0,0,6,0,8,8,8,8,8,8,8,8,21,8,
8,8,8,8,8,8,8,0,0,0,0,0,0,0,0,0,0,0,0,0,0,0,0,0,0,0,0]} 1. e4 {Havasi,G} c5 2.
Nf3 Nc6 3. d4 cxd4 4. Nxd4 g6 5. c4 Nf6 6. Nc3 d6 7. f3 Bg7 8. Be3 O-O 9. Be2
Nh5 {B38: Sicilian: Maroczy Bind with 5...Bg7 and 7...0-0.} 10. g3 {[#]} Nf6
$146 ({Predecessor:} 10... Nxd4 11. Bxd4 Be6 12. f4 Nf6 13. O-O Rc8 14. b3 Qa5
15. f5 Bd7 16. a3 e6 17. b4 {1-0 (41) So,W (2788)-Mamedov,R (2658) Shamkir
2015 CBM 166 [Havasi,G]}) 11. Qd2 Bd7 {White is slightly better.} 12. O-O-O a5
13. g4 a4 14. Nxc6 (14. Kb1 $16) 14... Bxc6 $14 15. h4 Qa5 16. Bd4 Rfc8 17. h5
a3 18. b3 b5 19. hxg6 ({White should try} 19. Kb1 $16) 19... hxg6 $11 20. Kb1 {
[%cal Rc4b5]} bxc4 $1 21. Bxc4 Bb7 22. g5 (22. Rh2 $16) 22... Nh5 23. Bxg7 Kxg7
24. Nd5 Qxd2 25. Rxd2 Rab8 26. Rc1 ({Don't play} 26. Nxe7 Rc7 $17) 26... Bxd5
27. Rxd5 Nf4 28. Ra5 Ra8 29. b4 f6 30. Rxa8 Rxa8 $14 {[%mdl 4096] Endgame
KRB-KRN} 31. Kc2 fxg5 32. Kb3 Kf6 33. b5 Ke5 34. Kb4 g4 $1 {[%cal Rg4f3]} 35.
fxg4 {aiming for b6.} Kxe4 36. Re1+ Kd4 37. Rxe7 {Black must now prevent b6.}
Rc8 $1 {[%cal Rc8c4]} 38. Bf7 {And now b6 would win.} Nd3+ {[#]} (38... d5 $14)
39. Kxa3 ({White should play} 39. Ka5 $1 $16) 39... Ra8+ $11 {The position is
equal.} 40. Kb3 Nc5+ 41. Kb2 Nd3+ 42. Kb3 (42. Ka1 {keeps more tension.} Rc8
43. a3 g5 44. Ba2 Rb8 45. Re6) 42... Nc5+ 43. Kc2 d5 44. Kb1 Na4 45. Kc1 Nc3
46. b6 Nxa2+ 47. Kd2 {[#] Threatens to win with Re8.} Rb8 48. b7 Nb4 49. Be6
Kc5 {Strongly threatening ...Kd6.} 50. Bc8 Nc6 51. Rg7 g5 52. Ke3 Na5 53. Kd3
Kd6 $1 54. Rd7+ Kc6 {[%cal Ra5b7]} 55. Kd4 Nxb7 56. Rxb7 Rxc8 {KR-KR} 57. Rg7
Kd6 {Hoping for ...Rc4+.} 58. Rg6+ Ke7 59. Rxg5 Kf6 60. Rxd5 Re8 61. g5+ Kg6
62. Re5 Rxe5 63. Kxe5 Kxg5 {Weighted Error Value: White=0.09/Black=0.06}
1/2-1/2

[Event "GCT Sinquefield Cup 2021"]
[Site "Saint Louis"]
[Date "2021.08.18"]
[Round "2.3"]
[White "Swiercz, Dariusz"]
[Black "So, Wesley"]
[Result "0-1"]
[WhiteElo "2655"]
[BlackElo "2772"]
[Annotator "TA"]
[PlyCount "90"]
[EventDate "2021.08.17"]
[EventType "tourn"]
[EventCountry "USA"]
[SourceTitle "playchess.com"]
[Source "ChessBase"]
[SourceQuality "1"]

{[%evp 16,90,30,0,0,-2,0,0,-6,0,0,0,0,0,3,0,0,0,0,0,0,0,0,0,10,-20,-3,-8,-6,
-20,0,-43,-43,-50,-21,-4,0,-20,-10,-10,-8,-41,-8,-8,-8,-8,-8,-8,-8,-8,-8,-8,-8,
-8,-8,-24,-24,-28,-35,-203,-190,-371,-371,-371,-364,-364,-364,-29971,-29974,
-29978,-29979,-29979,-29980,-29980,-29981,-29981,-29982]} 1. e4 e5 2. Nf3 Nc6
3. Bb5 Nf6 4. O-O Nxe4 5. d4 Nd6 6. Bxc6 dxc6 7. dxe5 Nf5 8. Qxd8+ Kxd8 9. h3
Bd7 {C67: Ruy Lopez: Berlin Defence: 4 0-0 Nxe4.} (9... Ne7 10. Nc3 Bd7 11. b3
b6 12. Bb2 Kc8 13. Rad1 h6 14. Rd2 c5 15. Rfd1 Be6 16. Ne2 g5 17. Nh2 Kb7 18.
Ng4 Nc6 19. c4 a5 20. a4 Bxg4 21. hxg4 Bg7 22. Ng3 Bxe5 23. Bxe5 Nxe5 24. f3
Rae8 25. Kf2 Kc8 26. Nf5 {1/2-1/2 (45) Swiercz,D (2659)-So,W (2765) Chess.com
INT 2020}) 10. Rd1 Be7 11. g4 Nh4 {The position is equal.} 12. Nxh4 Bxh4 13.
Nd2 Kc8 14. Nf3 Be7 15. Bg5 {is now more promising than 15.Rd3.} Bc5 16. Rd3 {
[#] Strongly threatening Rad1.} Be6 17. Be3 Bxe3 18. Rxe3 Kd7 19. Nd4 Rad8 {[#]
} (19... h5 {feels hotter.} 20. Rd1 Ke7 21. Nf5+ Kf8 22. Nd4 Ke7) 20. f4 $146 (
20. Rd3 {seems wilder.} Kc8 21. f4 Bc4 22. Rdd1 h5 23. b3) ({Predecessor:} 20.
Rd3 Kc8 21. Nxe6 Rxd3 22. cxd3 fxe6 23. Kf1 h5 {1/2-1/2 (23) Janisch,M (2416)
-Markus,R (2282) ICCF email 2017}) 20... Ke7 21. Nxe6 fxe6 $11 {[%mdl 4096]
Endgame KRR-KRR} 22. Rf1 h5 23. f5 hxg4 24. hxg4 Rh4 (24... Rd4 $5 {[%cal
Rd4g4]} 25. f6+ Kf7 $15) 25. f6+ Kf7 26. Re4 Rd2 {aiming for ...Rhh2.} 27.
fxg7+ Kxg7 {Threatens to win with ...Rhh2.} 28. Rf2 (28. Rf6 {with more
complications.} Rhh2 29. Ref4 Rdg2+ 30. Kf1 Rxc2 31. Rf7+) 28... Rxf2 (28...
Rh1+ {looks sharper.} 29. Kg2 Rh2+ 30. Kxh2 Rxf2+ 31. Kg3 Rxc2 32. Rd4 Rxb2 33.
Rd7+ Kg6) 29. Kxf2 $15 {KR-KR} Rh2+ 30. Kf3 Rxc2 31. Rd4 Rxb2 {Hoping for ...
a5.} 32. Rd7+ Kg6 33. Rxc7 c5 34. Re7 Rb6 35. Rc7 a6 36. Rxc5 Rc6 37. Ra5 {
This costs White the game.} (37. Rxc6 $15 bxc6 38. Ke4) 37... Rc3+ $19 38. Ke4
$2 (38. Kf2 {was called for.}) 38... Rc4+ 39. Kd3 Rxg4 40. Rc5 {If only White
now had time for Rc7....} Kf5 41. Kc3 $2 {[#]} (41. Ra5 $19) 41... b5 {Black
mates.} 42. Kb3 Rc4 {[%mdl 64] Deflection} 43. Rxc4 bxc4+ 44. Kxc4 Kxe5 45. a4
Kf4 {Weighted Error Value: White=0.39/Black=0.03} 0-1

[Event "GCT Sinquefield Cup 2021"]
[Site "Saint Louis"]
[Date "2021.08.18"]
[Round "2.4"]
[White "Rapport, Richard"]
[Black "Vachier-Lagrave, Maxime"]
[Result "1/2-1/2"]
[WhiteElo "2763"]
[BlackElo "2751"]
[Annotator "TA"]
[PlyCount "72"]
[EventDate "2021.08.17"]
[EventType "tourn"]
[EventCountry "USA"]
[SourceTitle "playchess.com"]
[Source "ChessBase"]
[SourceQuality "1"]

{[%evp 12,72,22,27,27,22,21,33,23,20,14,16,24,24,35,23,30,35,39,26,64,35,35,23,
30,16,29,31,20,12,18,15,14,24,16,-10,22,0,18,16,17,5,11,8,20,20,19,21,30,22,22,
22,30,30,34,28,30,0,31,0,12,0,34]} 1. Nf3 c5 2. c4 Nf6 3. g3 g6 4. Bg2 Bg7 5.
d4 cxd4 6. Nxd4 O-O 7. Nc3 Qc7 {E60: King's Indian: Unusual lines and
Fianchetto Variation without Nc3.} 8. Qd3 Nc6 9. O-O d6 {White is slightly
better. 9...d6 has lost popularity.} 10. Nxc6 bxc6 11. Bf4 Nh5 12. Bg5 Rb8 13.
b3 {[#]} h6 $146 ({Predecessor:} 13... Qa5 14. Bd2 Bb7 15. b4 Qc7 16. Rab1 Nf6
17. Bf4 Ng4 18. c5 Ne5 19. cxd6 exd6 20. Bxe5 Bxe5 {1/2-1/2 (32) Jakovenko,D 
(2681)-Vachier Lagrave,M (2774) Khanty Mansiysk 2019}) 14. Bd2 Nf6 15. Rac1 a5
16. h3 Rd8 17. e4 Nd7 18. Rfd1 Nc5 19. Qe2 e5 20. Kh2 Kh7 21. Qf1 h5 22. Bg5
Re8 23. Qe1 Ne6 (23... a4 $5) 24. Bd2 Ra8 25. Be3 h4 26. Na4 hxg3+ 27. fxg3 c5
28. Qd2 Nd4 29. Rf1 Be6 30. Rf2 Reb8 31. h4 Qd7 32. Rcf1 Ra7 33. Qd1 Bg4 34.
Qd2 Be6 35. Qd1 Bg4 36. Qd2 Be6 {Weighted Error Value: White=0.07/Black=0.05}
1/2-1/2

[Event "GCT Sinquefield Cup 2021"]
[Site "Saint Louis"]
[Date "2021.08.18"]
[Round "2.5"]
[White "Svidler, Peter"]
[Black "Mamedyarov, Shakhriyar"]
[Result "1/2-1/2"]
[WhiteElo "2714"]
[BlackElo "2782"]
[Annotator "TA"]
[PlyCount "91"]
[EventDate "2021.08.17"]
[EventType "tourn"]
[EventCountry "USA"]
[SourceTitle "playchess.com"]
[Source "ChessBase"]
[SourceQuality "1"]

{[%evp 11,91,0,0,0,0,0,0,0,0,-46,-41,-48,-36,-42,-37,-45,-36,-36,-37,-41,-47,
-27,-37,-33,-29,-48,-44,-67,-81,-71,-81,-78,-69,-77,-70,-66,-64,-56,-65,-67,
-29,-28,-16,-27,-11,-11,-11,-12,0,0,0,0,0,0,0,0,0,0,0,0,0,0,0,0,0,0,0,0,0,0,0,
0,0,0,0,0,0,0,0,0,0,0]} 1. e4 e5 2. Nf3 Nc6 3. Bc4 Bc5 4. c3 Nf6 5. d3 O-O 6.
b4 Be7 7. O-O {C54: Giuoco Piano: 4 c3 Nf6, main lines with 5 d4 and 5 d3.} d5
8. exd5 Nxd5 9. Re1 $1 {[%mdl 4] is more profitable than 9.b5 at the moment.}
Bf6 10. Ba3 Re8 11. Nbd2 {[#]} Nxc3 $146 ({Predecessor:} 11... b5 12. Bxd5 Qxd5
13. Ne4 Be7 14. Bb2 a5 15. a4 Be6 16. axb5 Qxb5 17. c4 Qxb4 18. Bc3 Qb6 19.
Nxe5 Nxe5 {1/2-1/2 (19) Ponkratov,P (2530)-Khairullin,I (2575) Zvenigorod 2008}
) 12. Qb3 {[#]} Be6 13. Bxe6 (13. Qxc3 $2 e4 $19) 13... Rxe6 14. b5 ({Avoid
the trap} 14. Qxc3 $2 e4 $19) 14... Nd4 {[%cal Rd4b3]} 15. Nxd4 exd4 ({Don't
go for} 15... Qxd4 $2 16. Bb2 $18) 16. Rxe6 fxe6 17. Qxe6+ Kh8 18. Re1 Nxb5 19.
Be7 Bxe7 20. Qxe7 Qxe7 21. Rxe7 $15 {[%mdl 4096] Endgame KRN-KRN} b6 22. Ne4 c5
23. Kf1 Nc3 24. Nxc3 dxc3 {KR-KR} 25. Ke2 h6 26. Kd1 b5 27. Rc7 $1 Rf8 28. f3 {
The position is equal.} Rf5 29. Rxa7 Re5 30. a3 Re3 31. Rb7 Rxd3+ 32. Kc2 Rd2+
33. Kxc3 Rxg2 34. Rxb5 Rxh2 35. Rxc5 Rf2 36. Rf5 g6 37. Rf4 Kg7 38. Kd3 g5 39.
Ke3 Ra2 (39... gxf4+ 40. Kxf2 Kf7 41. Kg2 h5 42. Kh3 Kf8 43. Kh4 Ke7 44. Kxh5)
(39... Rc2 {looks sharper.} 40. Ra4 Rc3+ 41. Kf2 h5 42. Ra7+ Kf6) 40. Ra4 h5
41. Ra7+ Kg6 42. Ra6+ Kf5 43. Ra5+ Kg6 44. Ra6+ Kf5 45. Ra5+ Kg6 46. Ra6+ {
Weighted Error Value: White=0.03/Black=0.02} 1/2-1/2

[Event "GCT Sinquefield Cup 2021"]
[Site "Saint Louis"]
[Date "2021.08.19"]
[Round "3.1"]
[White "So, Wesley"]
[Black "Svidler, Peter"]
[Result "1-0"]
[WhiteElo "2772"]
[BlackElo "2714"]
[Annotator "TA"]
[PlyCount "55"]
[EventDate "2021.08.17"]
[EventType "tourn"]
[EventCountry "USA"]
[SourceTitle "playchess.com"]
[Source "ChessBase"]
[SourceQuality "1"]

{[%evp 12,55,20,12,22,16,17,16,21,20,14,6,17,18,13,0,28,14,28,31,65,60,54,56,
70,84,90,83,91,79,91,83,98,107,91,91,92,91,199,194,201,194,324,297,349,349]} 1.
c4 g6 2. Nc3 c5 3. g3 Bg7 4. Bg2 Nc6 5. Nf3 e5 6. a3 a5 7. d3 Nge7 {A37:
Symmetrical English vs ...g6: 4 Bg2 Bg7 5 Nf3.} 8. Nd2 d6 9. Nf1 O-O {The
position is equal.} 10. Ne3 Rb8 11. Rb1 {[%cal Ba1b1,Bb1b4,Bb4b6][%mdl 32]} Nd4
12. Bd2 Bd7 13. O-O Bc6 14. b4 axb4 15. axb4 {[#]} cxb4 $146 ({Predecessor:} 
15... b6 16. Bxc6 Ndxc6 17. b5 Nd4 18. Ned5 Nxd5 19. Nxd5 Ne6 20. Ra1 Nc7 21.
Nxc7 Qxc7 {1-0 (43) Eljanov,P (2681)-Krivenko,S (2341) St Petersburg 2012}) 16.
Rxb4 Bxg2 17. Kxg2 Qd7 18. Ned5 Nec6 19. Rb6 f5 20. f3 Rf7 21. Be3 h5 22. Qd2
Ne6 23. Rfb1 Kh7 24. h4 f4 (24... Qc8 $16 25. Bf2 Bh6) 25. gxf4 $18 exf4 26.
Bf2 Ncd4 (26... Kg8 $142 27. Ne4 Kh8 28. Rxc6 Qxc6) 27. Bxd4 Bxd4 28. Ne4 {
Weighted Error Value: White=0.04/Black=0.19} 1-0